Rural Development in Post-Colonial Era/ (Record no. 202282)
[ view plain ]
| 000 -LEADER | |
|---|---|
| fixed length control field | 00668nam a22002057a 4500 |
| 005 - DATE AND TIME OF LATEST TRANSACTION | |
| control field | 20240508120745.0 |
| 010 ## - LCCN (DPL NO) | |
| LC control number | ENG-140217 |
| 020 ## - INTERNATIONAL STANDARD BOOK NUMBER | |
| Terms of availability | 995.00 |
| International Standard Book Number | 9789380574301 |
| 035 ## - SYSTEM CONTROL NUMBER | |
| System control number | EN-123749 |
| 037 ## - SOURCE OF ACQUISITION | |
| Source of stock number/acquisition | DBAD |
| 082 ## - DEWEY DECIMAL CLASSIFICATION NUMBER | |
| Classification number | 307.72 |
| 245 ## - TITLE STATEMENT | |
| Title | Rural Development in Post-Colonial Era/ |
| Statement of responsibility, etc | Edited by Harnam Singh, Amit Kumar Dwivedi [and] K. Nagraj Rao |
| 260 ## - PUBLICATION, DISTRIBUTION, ETC. (IMPRINT) | |
| Place of publication, distribution, etc | Delhi |
| Name of publisher, distributor, etc | Bookwell |
| Date of publication, distribution, etc | 2012 |
| 270 ## - ADDRESS | |
| City | Delhi |
| Address | 3/79, Nirankari Colony |
| Postal code | 110009 |
| 300 ## - PHYSICAL DESCRIPTION | |
| Extent | 364p. |
| Dimensions | 23cm(hb) |
| 700 ## - ADDED ENTRY--PERSONAL NAME | |
| Personal name | Edited by Harnam Singh |
| 9 (RLIN) | 64904 |
| 700 ## - ADDED ENTRY--PERSONAL NAME | |
| Personal name | Edited by Amit Kumar Dwivedi |
| 9 (RLIN) | 64905 |
| 700 ## - ADDED ENTRY--PERSONAL NAME | |
| Personal name | Edited by K. Nagraj Rao |
| 9 (RLIN) | 64906 |
| 942 ## - ADDED ENTRY ELEMENTS (KOHA) | |
| Source of classification or shelving scheme | Dewey Decimal Classification |
| Item type | English Books |
| Classification part | 307.72 |
| Call number suffix | RUR |
| Withdrawn status | Lost status | Not for loan | Collection code | Home library | Current library | Date acquired | Source of acquisition | Cost, normal purchase price | Full call number | Barcode | Copy number | Cost, replacement price | Koha item type |
|---|---|---|---|---|---|---|---|---|---|---|---|---|---|
| Non-fiction | Ashok Vihar | Ashok Vihar | 19/04/2024 | DBAD | 995.00 | 307.72 RUR | EN-123749 | 1 | 995.00 | English Books |
